|
|
|
|
| LEADER |
00000nam2a2200000 4500 |
| 001 |
270177 |
| 005 |
20231101234326.0 |
| 035 |
|
|
|a (RuTPU)RU\TPU\book\293357
|
| 090 |
|
|
|a 270177
|
| 100 |
|
|
|a 20140924d1987 k y0rusy50 ca
|
| 101 |
0 |
|
|a rus
|
| 102 |
|
|
|a UA
|
| 105 |
|
|
|a a z 001zy
|
| 200 |
0 |
|
|a Вып. 42
|
| 210 |
|
|
|d 1987
|
| 215 |
|
|
|a 112 с.
|c ил.
|
| 320 |
|
|
|a Библиогр. в конце ст.
|
| 461 |
|
1 |
|0 (RuTPU)RU\TPU\book\250807
|t Теоретическая электротехника
|o республиканский межведомственный научно-технический сборник
|f Львовский государственный университет
|v Вып. 42
|d 1966-1991
|
| 606 |
1 |
|
|a Электротехника теоретическая
|2 stltpush
|3 (RuTPU)RU\TPU\subj\20909
|9 45970
|
| 610 |
1 |
|
|a электромагнитное поле
|
| 610 |
1 |
|
|a топологические методы
|
| 610 |
1 |
|
|a сигнальные графы
|
| 610 |
1 |
|
|a линейные цепи
|
| 610 |
1 |
|
|a нелинейные схемы
|
| 610 |
1 |
|
|a электрические цепи
|
| 675 |
|
|
|a 621.3.01
|v 3
|
| 801 |
|
1 |
|a RU
|b 63413507
|c 20140924
|
| 801 |
|
2 |
|a RU
|b 63413507
|c 20161202
|g RCR
|
| 942 |
|
|
|c BK
|